| 000 | 01605nam0a2200349 4500 | ||
|---|---|---|---|
| 001 | RU\NLR\bibl\1864158 | ||
| 005 | 20260406144431.0 | ||
| 010 |
_a978-5-17-062335-8 _bАСТ |
||
| 010 |
_a978-5-271-25392-8 _bАстрель _95000 |
||
| 021 |
_aRU _b2011-107043 _97655 |
||
| 035 | _a(NLR Aleph) 001854044 | ||
| 090 |
_a2441368 _c2441368 |
||
| 100 | _a20120202d2011 |||y0rusy50 ca | ||
| 101 | 0 | _arus | |
| 102 | _aRU | ||
| 105 | _aa ||||||||| | ||
| 200 | 1 |
_aРепка _e[русская народная сказка в обработке К. Ушинского _eдля младшего школьного возраста _fхудож.: С. Бордюг и Н. Трепенок] |
|
| 210 |
_aМосква _cПланета детства [и др.] _d2011 |
||
| 215 |
_a[11] с. _cцв. ил. _d22 |
||
| 225 | 1 | _aЧитаем по слогам | |
| 606 | 1 |
_aРусский язык _jХрестоматии для начальной школы _91533567 _3RU\NLR\auth\66969347 |
|
| 686 | _aШ141.12-922.1[1/4]хрест | ||
| 702 | 1 |
_4570 _7ca _8rus _aУшинский _bК. Д. _f1823-1871 _gКонстантин Дмитриевич _9114219 _3RU\NLR\auth\774237 |
|
| 702 | 1 |
_4440 _7ca _8rus _aБордюг _bС. И. _cхудожник _f1953- _gСергей Иванович _928664 _3RU\NLR\AUTH\7745729 |
|
| 702 | 1 |
_4440 _7ca _8rus _aТрепенок _bН. А. _cхудожник _f1953- _gНаталья Альфонсовна _966878 _3RU\NLR\AUTH\7783950 |
|
| 801 | 0 |
_aRU _bNLR _c20120202 _gRCR |
|
| 801 | 1 |
_aRU _bNLR _c20120202 |
|
| 942 | _cBOOK | ||
| 980 | _aNB | ||
| 980 | _aNBR | ||